Basics of anesthesia / (Record no. 171671)

MARC details
000 -LEADER
fixed length control field 00931cam a2200277 i 4500
001 - CONTROL NUMBER
control field 969439509
003 - CONTROL NUMBER IDENTIFIER
control field OSt
005 - DATE AND TIME OF LATEST TRANSACTION
control field 20250828103055.0
008 - FIXED-LENGTH DATA ELEMENTS--GENERAL INFORMATION
fixed length control field 170113s2018 paua b 001 0 eng
020 ## - INTERNATIONAL STANDARD BOOK NUMBER
International Standard Book Number 9780323401159 (Hardcover)
040 ## - CATALOGING SOURCE
Original cataloging agency DNLM/DLC
Language of cataloging eng
Description conventions rda
Transcribing agency DLC
Modifying agency NUST
050 10 - LIBRARY OF CONGRESS CALL NUMBER
Classification number RD81 BAS
245 00 - TITLE STATEMENT
Title Basics of anesthesia /
Statement of responsibility, etc. edited by Manuel C Pardo, Jr. and Ronald D Miller.
250 ## - EDITION STATEMENT
Edition statement Seventh edition.
260 ## - PUBLICATION, DISTRIBUTION, ETC.
Place of publication, distribution, etc. Philadelphia, PA :
Name of publisher, distributor, etc. Elsevier,
Date of publication, distribution, etc. 2018.
300 ## - PHYSICAL DESCRIPTION
Extent xix, 914 pages :
Other physical details Illustrations ;
Dimensions 26 cm.
336 ## - CONTENT TYPE
Content type term text
Content type code txt
Source rdacontent
337 ## - MEDIA TYPE
Media type term unmediated
Media type code n
Source rdamedia
338 ## - CARRIER TYPE
Carrier type term volume
Carrier type code nc
Source rdacarrier
504 ## - BIBLIOGRAPHY, ETC. NOTE
Bibliography, etc. note Includes bibliographical references and index.
650 12 - SUBJECT ADDED ENTRY--TOPICAL TERM
Form subdivision Anesthesia.
650 12 - SUBJECT ADDED ENTRY--TOPICAL TERM
Form subdivision Anesthesiology.
700 1# - ADDED ENTRY--PERSONAL NAME
Personal name Pardo, Manuel, Jr
Relator term Editor
700 1# - ADDED ENTRY--PERSONAL NAME
Personal name Miller, Ronald D
Relator term Editor
942 ## - ADDED ENTRY ELEMENTS (KOHA)
Source of classification or shelving scheme Library of Congress Classification
Koha item type Ordinary Loan Books
Edition Seventh edition.
Classification part RD81 BAS
Call number prefix RD
Call number suffix BAS
Suppress in OPAC No
Holdings
Withdrawn status Lost status Source of classification or shelving scheme Damaged status Not for loan Collection Home library Current library Shelving location Date acquired Source of acquisition Cost, normal purchase price Total Checkouts Full call number Barcode Date last seen Accession number Cost, replacement price Price effective from Koha item type Public note
    LCC     NFIC MEDICAL MEDICAL GEN 04/24/2025 Book Aid International 95.00   RD81 BAS 92004056216 04/24/2025 62992 95.00 04/24/2025 BOOKS Donation
    LCC     NFIC MEDICAL MEDICAL GEN 07/05/2025 Book Aid International 95.00   RD81 BAS 92004057183 07/05/2025 62883 95.00 07/05/2025 BOOKS Donation
    LCC     NFIC MEDICAL MEDICAL GEN 07/07/2025 Book Aid International 95.00   RD81 BAS 92004057767 07/07/2025 63157 95.00 07/07/2025 BOOKS Donation